<?xml version="1.0" encoding="UTF-8"?>
<record
    xmlns:xsi="http://www.w3.org/2001/XMLSchema-instance"
    xsi:schemaLocation="http://www.loc.gov/MARC21/slim http://www.loc.gov/standards/marcxml/schema/MARC21slim.xsd"
    xmlns="http://www.loc.gov/MARC21/slim">

  <leader>01690nam a22002777a 4500</leader>
  <controlfield tag="003">3228</controlfield>
  <controlfield tag="005">20250617110310.0</controlfield>
  <controlfield tag="008">250617b        sa ||||| |||| 00| 0 eng d</controlfield>
  <datafield tag="020" ind1=" " ind2=" ">
    <subfield code="a">9780627 026577</subfield>
    <subfield code="q">Hardcover</subfield>
  </datafield>
  <datafield tag="040" ind1=" " ind2=" ">
    <subfield code="a">RDA</subfield>
    <subfield code="b">ENGLISH</subfield>
    <subfield code="c">3228</subfield>
  </datafield>
  <datafield tag="082" ind1=" " ind2=" ">
    <subfield code="a">352.4214 FOUR</subfield>
  </datafield>
  <datafield tag="100" ind1=" " ind2=" ">
    <subfield code="a">Fourie, Mare-Lise </subfield>
    <subfield code="9">88990</subfield>
  </datafield>
  <datafield tag="245" ind1=" " ind2=" ">
    <subfield code="a">Municipal finance and accounting</subfield>
    <subfield code="c">principal authors, Mare-Lise Fourie, Lucas Opperman ; co-author and project coordinator, Deon Scott ; consulting editors, Werner Zybrands, Krish Kumar, Bethwell Jwili.</subfield>
  </datafield>
  <datafield tag="250" ind1=" " ind2=" ">
    <subfield code="a">1st ed.</subfield>
  </datafield>
  <datafield tag="260" ind1=" " ind2=" ">
    <subfield code="a">Hatfield, Pretoria : </subfield>
    <subfield code="b">Van Schaik Publishers,</subfield>
    <subfield code="c">2007.</subfield>
  </datafield>
  <datafield tag="300" ind1=" " ind2=" ">
    <subfield code="a">xix, 519 pages</subfield>
    <subfield code="b">Colour illustrations:</subfield>
    <subfield code="c">27 cm</subfield>
  </datafield>
  <datafield tag="504" ind1=" " ind2=" ">
    <subfield code="a">Includes bibliographical references and index.</subfield>
  </datafield>
  <datafield tag="521" ind1=" " ind2=" ">
    <subfield code="a">Adult</subfield>
  </datafield>
  <datafield tag="650" ind1=" " ind2=" ">
    <subfield code="2">Legislative framework for local government -- Standard operational cycle in financial administration of municipalities -- Financial management -- Roles of other organs of state and entities in the financial administration of municipalities -- Annual financial statements and related matters -- Cost and management accounting in municipalities.</subfield>
  </datafield>
  <datafield tag="651" ind1=" " ind2=" ">
    <subfield code="a">South Africa</subfield>
  </datafield>
  <datafield tag="654" ind1=" " ind2=" ">
    <subfield code="2">Municipal finance  Municipal finance&#x2014;Accounting  Municipal finance&#x2014;Accounting&#x2014;Law and legislation  Municipal finance&#x2014;Law and legislation  South Africa</subfield>
  </datafield>
  <datafield tag="690" ind1=" " ind2=" ">
    <subfield code="2">153878514</subfield>
  </datafield>
  <datafield tag="700" ind1=" " ind2=" ">
    <subfield code="a">Lucas Opperman, Rhode Odendaal, Werner von Gruenewaldt, Daleen Venter, Yvonne Kemp, Ilze Holtzhausen de Beer, Gisela van Garderen, Struik image library, Pace-Setting &amp; Graphics, Pretoria, Paarl Print, Oosterland Street, Dal Josafat, Paarl, South Africa</subfield>
    <subfield code="9">194233</subfield>
  </datafield>
  <datafield tag="710" ind1=" " ind2=" ">
    <subfield code="a">Van Schaik</subfield>
    <subfield code="9">194178</subfield>
  </datafield>
  <datafield tag="942" ind1=" " ind2=" ">
    <subfield code="2">ddc</subfield>
    <subfield code="c">BOOK</subfield>
    <subfield code="w">12663</subfield>
    <subfield code="x">Priscilla Nozizwe Mogale</subfield>
    <subfield code="y">12663</subfield>
    <subfield code="z">Priscilla Nozizwe Mogale</subfield>
  </datafield>
  <datafield tag="999" ind1=" " ind2=" ">
    <subfield code="c">777840</subfield>
    <subfield code="d">777839</subfield>
  </datafield>
  <datafield tag="952" ind1=" " ind2=" ">
    <subfield code="0">0</subfield>
    <subfield code="1">0</subfield>
    <subfield code="2">ddc</subfield>
    <subfield code="4">0</subfield>
    <subfield code="7">0</subfield>
    <subfield code="8">300</subfield>
    <subfield code="a">MKHUL</subfield>
    <subfield code="b">MKHUL</subfield>
    <subfield code="c">Non_Fiction</subfield>
    <subfield code="d">2025-06-17</subfield>
    <subfield code="l">0</subfield>
    <subfield code="o">352.4214 FOUR</subfield>
    <subfield code="p">33228 02204558 5</subfield>
    <subfield code="r">2025-06-17</subfield>
    <subfield code="w">2025-06-17</subfield>
    <subfield code="y">BOOK</subfield>
  </datafield>
  <datafield tag="952" ind1=" " ind2=" ">
    <subfield code="0">0</subfield>
    <subfield code="1">0</subfield>
    <subfield code="2">ddc</subfield>
    <subfield code="4">0</subfield>
    <subfield code="7">0</subfield>
    <subfield code="8">300</subfield>
    <subfield code="a">MKHUL</subfield>
    <subfield code="b">MKHUL</subfield>
    <subfield code="c">Non_Fiction</subfield>
    <subfield code="d">2025-06-17</subfield>
    <subfield code="l">0</subfield>
    <subfield code="o">352.4214 FOUR</subfield>
    <subfield code="p">33228 02289453 7</subfield>
    <subfield code="r">2025-06-17</subfield>
    <subfield code="w">2025-06-17</subfield>
    <subfield code="y">BOOK</subfield>
  </datafield>
</record>
